|
|
|
|
| LEADER |
01015nam a2200241 a 4500 |
| 001 |
15592 |
| 008 |
130711r20052001ii a b 001 0 eng d |
| 010 |
|
|
|a 00029595
|
| 020 |
|
|
|a 0813811295
|
| 020 |
|
|
|a 8122901964
|
| 040 |
|
|
|a DLC
|c DLC
|d DLC
|d BD-DhAAL
|
| 082 |
0 |
0 |
|a 070.4/1
|2 21
|
| 100 |
1 |
|
|a Ryan, Buck,
|d 1956-
|
| 245 |
1 |
4 |
|a The editor's toolbox :
|b a reference guide for beginners and professionals /
|c Buck Ryan and Michael O'Donnell.
|
| 260 |
|
|
|a Ames :
|b Iowa State University Press ;
|a Delhi :
|b Surjeet Publications,
|c 2001 [reprinted 2005].
|
| 300 |
|
|
|a xiv, 365 p. :
|b ill. ;
|c 28 cm.
|
| 504 |
|
|
|a Includes bibliographical references (p. 347-350) and index.
|
| 541 |
|
|
|e 15592
|
| 650 |
|
0 |
|a Journalism
|x Editing
|v Handbooks, manuals, etc.
|
| 700 |
1 |
|
|a O'Donnell, Michael J.,
|d 1948-
|
| 852 |
1 |
|
|a Ayesha Abed Library
|j General shelf.
|
| 999 |
|
|
|c 13676
|d 13676
|
| 952 |
|
|
|0 0
|1 0
|4 0
|6 070_410000000000000_RYA
|7 0
|9 22908
|a BRACUL
|b BRACUL
|c GEN
|d 2013-07-11
|l 1
|m 18
|o 070.41 RYA
|p 3010015592
|r 2015-08-13
|s 2015-03-24
|t 1
|w 2013-07-11
|y BK
|